| 000 | 00596nam a2200205Ia 4500 | ||
|---|---|---|---|
| 003 | OSt | ||
| 005 | 20240730161300.0 | ||
| 008 | 210707s1982 xx 000 0 und d | ||
| 040 | _cAL | ||
| 041 | _aKannada | ||
| 082 | _aK894.4 NAGB | ||
| 100 |
_aNAGEGAUDA (H L) _dನಾಗೇಗೌಡ (ಹೆಚ್ ಎಲ್) _9174574 |
||
| 245 |
_aBettadinda battalige. _bಬೆಟ್ಟದಿಂದ ಬಟ್ಟಲಿಗೆ. |
||
| 260 |
_aBengaluru _bVishva Kannada Sammelana _c1982 |
||
| 300 | _a285,xii p | ||
| 365 |
_b3 _cINR |
||
| 563 | _aHB | ||
| 650 |
_aKannada Prose _9174575 |
||
| 942 |
_2ddc _cBK |
||
| 999 |
_c180213 _d180213 |
||